Apoyo a procesos de integración de la población migrante y o desplazada en Centroamérica. La Migración y los migrantes en Honduras /

Kaydedildi:
Detaylı Bibliyografya
Yazar: Caballero Zeitún, Elsa Lily
Kurumsal yazarlar: Universidad Nacional Autónoma de Honduras, Centro de Recursos para el Desarrollo Sostenible de los Asentamientos Humanos en Centroamérica Fundación Arias para la Paz y el Progreso Humano
Materyal Türü: Metin
Baskı/Yayın Bilgisi: UNAH
Konular:
Etiketler: Etiketle
Etiket eklenmemiş, İlk siz ekleyin!

MARC

LEADER 00000 a a2200000 04500
001 28562
003
040
090 |a 189102  
100 |a Caballero Zeitún, Elsa Lily  
110 |a Universidad Nacional Autónoma de Honduras  
245 |a Apoyo a procesos de integración de la población migrante y o desplazada en Centroamérica. La Migración y los migrantes en Honduras /  |c Universidad Nacional Autónoma de Honduras  
260 |a UNAH  
300 |a 33 p   |b **no definido**  
650 |a POLITICA MIGRATORIA  
650 |a ASPECTOS JURIDICOS  
650 |a INSTITUCIONES DE AYUDA  
710 |a Centro de Recursos para el Desarrollo Sostenible de los Asentamientos Humanos en Centroamérica   |a Fundación Arias para la Paz y el Progreso Humano  
999 |c 7823  |d 7823